00804nam a22001935i 4500001000700000003000900007005001700016008004100033040002000074080001500094110006400109245010500173260008000278300004200358500003900400650002900439650002000468852012200488163493ES-MaACL20250726063043.0040922q1900 sp |||| | spa d aCAM bspa cCAM a655.24/.282 aFundición Tipográfica de Richard Gans (Madrid) ‌eisb10aMuestrario de caracteres y útiles de imprenta de la Fundición Tipográfica Richard Gans, Madrid aMadrid : b[s.n., cca. 1900] f(Fundición Tipográfica de Richard Gans) a1 volumen : bilustraciones ; c25 cm aDatos tomados de la cub. cromolit. 7aTipos de imprenta2embne 7aImprenta2embne aES-MaACLcDEPO2fEx-libris ms. de Rufino IglesiasjF-1320 xEnc. editorial en tela: "F.A. Barthel, grabador, Leipzig"